| 000 | 00562nam a22002177a 4500 | ||
|---|---|---|---|
| 003 | OSt | ||
| 005 | 20140311161020.0 | ||
| 008 | 130304t xxu||||| |||| 00| 0 eng d | ||
| 020 | _a9712320936 | ||
| 050 |
_aHB 615 _b.M468 1997 |
||
| 100 | _aMedina, Roberto G. | ||
| 245 |
_aEntrepreneurship and small business management / _cRoberto G. Medina |
||
| 260 |
_aManila : _bRex Book Store, _c1997. |
||
| 300 |
_a350 p. : _c22 cm. |
||
| 521 | _aBSBA | ||
| 562 | _e2 | ||
| 650 | _aEntrepreneurship. | ||
| 942 |
_2lcc _cBK _kLOC |
||
| 999 |
_c16405 _d16405 |
||